| 000 | 00966nam a2200301 a 4500 | ||
|---|---|---|---|
| 003 | AR-BaBNM | ||
| 005 | 20251128210354.0 | ||
| 008 | 082120s2002 ||||||||||||||000 | spa|| | ||
| 020 | _a950-03-6601-0 | ||
| 040 | _cAR-BaBNM | ||
| 100 | 1 | _aCufré, Héctor Víctor | |
| 245 | 0 | 0 |
_aLa enseñanza de la lengua en la formación de maestros _bcomunicación y literatura : metodología y práctica. 2 |
| 260 |
_aBuenos Aires _bLosada _c1986 |
||
| 300 |
_a489 p. _btablas |
||
| 504 | _aContiene bibliografía básica comentada p. 475-480 | ||
| 504 | _aContiene bibliografía general p. 481-489 | ||
| 650 | 4 | _aFORMACION DE DOCENTES | |
| 650 | 4 | _aMAESTROS DE PRIMARIA | |
| 650 | 4 | _aCOMUNICACION VERBAL | |
| 650 | 4 | _aDESARROLLO DEL LENGUAJE | |
| 650 | 4 | _aPROCESO DE COMUNICACION | |
| 650 | 4 | _aTEORIA LINGUISTICA | |
| 650 | 4 | _aTECNICAS DE ENSEÑANZA | |
| 650 | 4 | _aLITERATURA INFANTIL | |
| 653 | _aENSENANZA DE LA LENGUA | ||
| 942 | _cBK | ||
| 998 | _cRaquel | ||
| 999 |
_c15194 _d15194 |
||